Escritos de Santa Teresa
में बचाया:
| मुख्य लेखक: | |
|---|---|
| स्वरूप: | पुस्तक |
| भाषा: | स्पेनिश |
| प्रकाशित: |
Madrid
Imprenta de los sucesores de Hernando, calle de Quitana, 33
1915
|
| संस्करण: | 1a. ed |
| श्रृंखला: | Biblioteca de Autores Españoles, LIII
|
| विषय: | |
| टैग: |
टैग जोड़ें
कोई टैग नहीं, इस रिकॉर्ड को टैग करने वाले पहले व्यक्ति बनें!
|
MARC
| LEADER | 00000nam a2200000 a 4500 | ||
|---|---|---|---|
| 001 | UCJ8782 | ||
| 003 | CL-VaPUC | ||
| 008 | 070124e19150000SP |||||||||||||||||spa|d | ||
| 082 | 0 | 4 | |a 860.3 |b TER |2 21 |
| 100 | 0 | |a Santa Teresa de Ávila |e author |9 314693 | |
| 245 | 1 | 0 | |a Escritos de Santa Teresa |
| 246 | 1 | 0 | |a Añadidos e ilustrados por D. Vicente de la Fuente, catedrático de disciplina eclesiástica en la Universidad de Madrid. Tomo Primero |
| 250 | |a 1a. ed | ||
| 300 | |a 584 p | ||
| 942 | |c BK | ||
| 945 | |d 20070124 00:00:00 |a fvergara | ||
| 260 | |a Madrid |b Imprenta de los sucesores de Hernando, calle de Quitana, 33 |c 1915 | ||
| 600 | 0 | 7 | |a FUENTE, VICENTE DE LA |2 CL-VaPUC |9 515106 |
| 600 | 0 | 7 | |a LEON, FRAY LUIS DE |2 CL-VaPUC |9 255943 |
| 600 | 0 | 7 | |a SANTA TERESA DE JESUS |2 CL-VaPUC |9 313710 |
| 600 | 0 | 7 | |a CARMELITAS |2 CL-VaPUC |9 518020 |
| 650 | 0 | |a Literatura española |9 306261 | |
| 650 | 0 | |a Ensayos |9 268724 | |
| 650 | 7 | |a HAGIOGRAFIA |2 CL-VaPUC |9 506102 | |
| 650 | 0 | |a Iglesia Católica |9 256114 | |
| 650 | 0 | |a Órdenes religiosas |9 257499 | |
| 650 | 0 | |a Historia de la iglesia |9 257565 | |
| 650 | 7 | |a CONSTITUCIONES RELIGIOSAS |2 CL-VaPUC |9 518021 | |
| 650 | 7 | |a CONGREGACIONES |2 CL-VaPUC |9 388901 | |
| 650 | 0 | |a Monasterios |9 266676 | |
| 650 | 0 | |a Espiritualidad |9 267331 | |
| 650 | 0 | |a Teología |9 258766 | |
| 650 | 0 | |a Poesía |9 265825 | |
| 650 | 0 | |a Correspondencia |9 258963 | |
| 650 | 7 | |a SANTOS |2 CL-VaPUC |9 313738 | |
| 651 | 0 | |a España |9 254926 | |
| 583 | |a last modification |c 20070124 00:00:00 |k Rodrigo Vera | ||
| 490 | 0 | |a Biblioteca de Autores Españoles, LIII | |
| 999 | |c 324434 |d 324432 | ||
| 952 | |0 0 |1 0 |4 0 |6 860_300000000000000_TER_1915 |7 0 |8 X |9 404546 |a FDOBUD |b FDOBUD |d 2019-11-22 |i 1084070 |o 860.3 TER 1915 |p 1084070 |r 2019-11-22 |w 2019-11-22 |y BK_X |k BUD | ||